000 00715nam a2200217 a 4500
001 000004291
005 20240322203027.0
008 090721s2002 dr c r 001 0 spa d
020 _a9993488801
040 _aDO-SdBNP
_bspa
_cBNPHU
082 _aM516d
100 1 _aMejía, Hipólito,
_d1941-
_978920
245 1 0 _aDiscursos y ponencias :
_bplan decenal de cultura /
_cHipólito Mejía Domínguez.
260 _aSanto Domingo. :
_bConsejo Nacional de Cultura,
_c2002.
300 _av. 5 :
_bretrs. ;
_c21 cm.
490 1 _aConsejo Nacional de Cultura
500 _aIncluye índice
590 _aInventariado, 2020/BT
830 0 _aConsejo Nacional de Cultura
_912672
910 _aValidado. Control de calidad. MFF
999 _c4100
_d4100